01028 2200205 4500001002100000005001500021035002000036008004100056245003000097100001700127250000600144260003800150300001200188084001400200082000800214650001000222520056600232990001200798990001200810INLIS00000000000084720240607082128 a0010-0524000082240607 1 ind 1 aSchoolizer /cLonyenk Rap aRap, Lonyenk a1 aYogyakarta :bSheila/ Andi,c2012 a154 hlm a813 LON s a813 4aFiksi aSchoolizer (pronounce: Skulaizer) adalah pelajar yang senang menyia-nyiakan sekolah. Segerombolan pelajar yang tak sadar betapa pentingnya pendidikan. Tujuan mereka ke sekolah hanya satu. FUN. Novel Schoolizer menawarkan cerita-cerita lucu dan menggemaskan, yang selalu terjadi karena kebodohan para pelajar itu sendiri.Hanya ada tiga alasan kenapa mereka sekolah. Ketemu teman, uang jajan,dan ijazah kelulusan SMU. Bagi mereka, sekolah tak hanya tempat untuk bermain, tapi juga tempat untuk bercanda, mencela, ngejahilin guru, dan sudah pasti ngejahilin teman. a0741294 a0741295